<?xml version="1.0" encoding="UTF-8"?>
<record
    xmlns:xsi="http://www.w3.org/2001/XMLSchema-instance"
    xsi:schemaLocation="http://www.loc.gov/MARC21/slim http://www.loc.gov/standards/marcxml/schema/MARC21slim.xsd"
    xmlns="http://www.loc.gov/MARC21/slim">

  <leader>01642nam a2200373 a 4500</leader>
  <controlfield tag="005">20240508095911.0</controlfield>
  <controlfield tag="008">100309s2009||||sp il. f |||| 001 0 spa d</controlfield>
  <datafield tag="020" ind1=" " ind2=" ">
    <subfield code="a">9789701066751</subfield>
  </datafield>
  <datafield tag="041" ind1=" " ind2=" ">
    <subfield code="a">spa</subfield>
  </datafield>
  <datafield tag="092" ind1=" " ind2=" ">
    <subfield code="c">616</subfield>
    <subfield code="l">32</subfield>
    <subfield code="s">HAR</subfield>
  </datafield>
  <datafield tag="245" ind1=" " ind2=" ">
    <subfield code="a">Harrison. Principios de Medicina Interna. </subfield>
    <subfield code="b">T.1 /</subfield>
    <subfield code="c">Eugene Braunwald</subfield>
  </datafield>
  <datafield tag="250" ind1=" " ind2=" ">
    <subfield code="a">17a ed. en espa&#xF1;ol de la versi&#xF3;n original en ingl&#xE9;s</subfield>
    <subfield code="b">Traducci&#xF3;n Martha Elena Araiza Martinez ; Jos&#xE9; Rafael Blengio Pinto ; Germ&#xE1;n Arias Rebatet ; Jos&#xE9; Luis Gonz&#xE1;lez Hern&#xE1;ndez. Traducci&#xF3;n de capitulos electr&#xF3;nicos: Juan Antonio Puerto Sebasti&#xE1;n </subfield>
  </datafield>
  <datafield tag="260" ind1=" " ind2=" ">
    <subfield code="a">M&#xE9;xico: </subfield>
    <subfield code="b">McGraw-Hill Interamericana;</subfield>
    <subfield code="c">2009.</subfield>
  </datafield>
  <datafield tag="300" ind1=" " ind2=" ">
    <subfield code="a">1-1364 p.</subfield>
    <subfield code="b">Apendice de Acr&#xF3;nimos.</subfield>
    <subfield code="e">Incluye DVD</subfield>
  </datafield>
  <datafield tag="500" ind1=" " ind2=" ">
    <subfield code="a">Braunwald, E. et al. (2009). Harrison. Principios de medicina interna. T.1 (17a ed.). M&#xE9;xico : McGraw-Hill Interamericana.</subfield>
  </datafield>
  <datafield tag="590" ind1=" " ind2=" ">
    <subfield code="a">Donaci&#xF3;n CEM, Mayo 2011</subfield>
  </datafield>
  <datafield tag="653" ind1=" " ind2=" ">
    <subfield code="a">Introducci&#xF3;n a la medicina cl&#xED;nica</subfield>
  </datafield>
  <datafield tag="653" ind1=" " ind2=" ">
    <subfield code="a">Sintomas principales y cuadro inicial de las enfermedades</subfield>
  </datafield>
  <datafield tag="653" ind1=" " ind2=" ">
    <subfield code="a">Gen&#xE9;tica y enfermedades</subfield>
  </datafield>
  <datafield tag="653" ind1=" " ind2=" ">
    <subfield code="a">Medicina de regeneraci&#xF3;n</subfield>
  </datafield>
  <datafield tag="653" ind1=" " ind2=" ">
    <subfield code="a">Nutrici&#xF3;n</subfield>
  </datafield>
  <datafield tag="653" ind1=" " ind2=" ">
    <subfield code="a">Oncolog&#xED;a y hematolog&#xED;a</subfield>
  </datafield>
  <datafield tag="653" ind1=" " ind2=" ">
    <subfield code="a">Enfermedades infecciosas</subfield>
  </datafield>
  <datafield tag="653" ind1=" " ind2=" ">
    <subfield code="a">Bioterrorismo y medicina cl&#xED;nica</subfield>
  </datafield>
  <datafield tag="653" ind1=" " ind2=" ">
    <subfield code="a">Capitulos electr&#xF3;nicos: (ver CD-790)</subfield>
  </datafield>
  <datafield tag="700" ind1="1" ind2=" ">
    <subfield code="a">Fauci, Anthony S</subfield>
    <subfield code="e">Editor</subfield>
    <subfield code="9">90</subfield>
  </datafield>
  <datafield tag="700" ind1="1" ind2=" ">
    <subfield code="a">Longo, Dan L.</subfield>
    <subfield code="e">Editor</subfield>
    <subfield code="9">91</subfield>
  </datafield>
  <datafield tag="700" ind1="1" ind2=" ">
    <subfield code="a">Hauser, Stephen L.</subfield>
    <subfield code="e">Editor</subfield>
    <subfield code="9">92</subfield>
  </datafield>
  <datafield tag="700" ind1="1" ind2=" ">
    <subfield code="a">Jameson, J. Larry</subfield>
    <subfield code="e">Editor</subfield>
    <subfield code="9">93</subfield>
  </datafield>
  <datafield tag="700" ind1="1" ind2=" ">
    <subfield code="a">Kasper, Dennis L.</subfield>
    <subfield code="e">Editor</subfield>
    <subfield code="9">94</subfield>
  </datafield>
  <datafield tag="700" ind1="1" ind2=" ">
    <subfield code="a">Braundwald, Eugene</subfield>
    <subfield code="e">Editor</subfield>
    <subfield code="9">95</subfield>
  </datafield>
  <datafield tag="700" ind1="1" ind2=" ">
    <subfield code="a">Loscalzo, Joseph</subfield>
    <subfield code="e">Editor</subfield>
    <subfield code="9">96</subfield>
  </datafield>
  <datafield tag="942" ind1=" " ind2=" ">
    <subfield code="2">ddc</subfield>
    <subfield code="c">BK</subfield>
  </datafield>
  <datafield tag="999" ind1=" " ind2=" ">
    <subfield code="c">865</subfield>
    <subfield code="d">865</subfield>
  </datafield>
  <datafield tag="952" ind1=" " ind2=" ">
    <subfield code="0">0</subfield>
    <subfield code="1">0</subfield>
    <subfield code="2">ddc</subfield>
    <subfield code="4">0</subfield>
    <subfield code="7">0</subfield>
    <subfield code="a">BFM</subfield>
    <subfield code="b">BFM</subfield>
    <subfield code="c">CR</subfield>
    <subfield code="d">2011-07-05</subfield>
    <subfield code="l">70</subfield>
    <subfield code="m">3</subfield>
    <subfield code="o">616 32 HAR </subfield>
    <subfield code="p">2331</subfield>
    <subfield code="r">2017-04-19</subfield>
    <subfield code="s">2017-04-17</subfield>
    <subfield code="t">ej.5</subfield>
    <subfield code="w">2011-07-05</subfield>
    <subfield code="y">BK</subfield>
  </datafield>
  <datafield tag="952" ind1=" " ind2=" ">
    <subfield code="0">0</subfield>
    <subfield code="1">0</subfield>
    <subfield code="2">ddc</subfield>
    <subfield code="4">0</subfield>
    <subfield code="7">0</subfield>
    <subfield code="a">BFM</subfield>
    <subfield code="b">BFM</subfield>
    <subfield code="c">CR</subfield>
    <subfield code="d">2011-07-05</subfield>
    <subfield code="l">51</subfield>
    <subfield code="m">3</subfield>
    <subfield code="o">616 32 HAR</subfield>
    <subfield code="p">2333</subfield>
    <subfield code="r">2018-06-18</subfield>
    <subfield code="s">2018-06-14</subfield>
    <subfield code="t">ej.6</subfield>
    <subfield code="w">2011-07-05</subfield>
    <subfield code="y">BK</subfield>
  </datafield>
  <datafield tag="952" ind1=" " ind2=" ">
    <subfield code="0">0</subfield>
    <subfield code="1">0</subfield>
    <subfield code="2">ddc</subfield>
    <subfield code="4">0</subfield>
    <subfield code="7">0</subfield>
    <subfield code="a">BFM</subfield>
    <subfield code="b">BFM</subfield>
    <subfield code="c">CR</subfield>
    <subfield code="d">2019-04-09</subfield>
    <subfield code="e">Donaci&#xF3;n Fernandez, Eliana. Abril 2019</subfield>
    <subfield code="l">0</subfield>
    <subfield code="o">616 32 HAR</subfield>
    <subfield code="p">4419</subfield>
    <subfield code="r">2019-04-09</subfield>
    <subfield code="t">Ej.9</subfield>
    <subfield code="w">2019-04-09</subfield>
    <subfield code="y">BK</subfield>
    <subfield code="z">Donaci&#xF3;n Fernandez, Eliana. Abril 2019</subfield>
  </datafield>
  <datafield tag="952" ind1=" " ind2=" ">
    <subfield code="0">0</subfield>
    <subfield code="1">0</subfield>
    <subfield code="2">ddc</subfield>
    <subfield code="4">0</subfield>
    <subfield code="7">0</subfield>
    <subfield code="a">BFM</subfield>
    <subfield code="b">BFM</subfield>
    <subfield code="c">CR</subfield>
    <subfield code="d">2022-09-06</subfield>
    <subfield code="e">Donaci&#xF3;n Toloza, Daniela; septiembre 2022.</subfield>
    <subfield code="l">2</subfield>
    <subfield code="o">616 32 HAR</subfield>
    <subfield code="p">4790</subfield>
    <subfield code="r">2023-06-22</subfield>
    <subfield code="s">2023-06-15</subfield>
    <subfield code="t">Ej.10</subfield>
    <subfield code="w">2022-09-06</subfield>
    <subfield code="y">BK</subfield>
    <subfield code="z">Donaci&#xF3;n Toloza, Daniela; septiembre 2022.</subfield>
    <subfield code="f"></subfield>
  </datafield>
</record>
